WinText602 v. 2.1 : Snadno a rychle /

Guardado en:
Detalles Bibliográficos
Autores principales: Pecinovský, Rudolf (Autor), Pecinovský, Jan (Autor)
Formato: Libro
Lenguaje:checo
Publicado: Praha : Grada, 1994
Etiquetas: Agregar Etiqueta
Sin Etiquetas, Sea el primero en etiquetar este registro!

MARC

LEADER 00000nam a22000003a 4500
001 stu27680
005 20150617225740.7
008 941102s1994----cs------------------cze-d
020 |a 80-85623-95-1 
040 |a STU  |b slo 
041 0 |a cze 
044 |a cs 
080 |a 519.682 
100 1 |a Pecinovský, Rudolf  |4 aut 
245 1 |a WinText602 v. 2.1 :  |b Snadno a rychle /  |c [aut]Pecinovský,Rudolf;Pecinovský,Jan 
260 |a Praha :  |b Grada,  |c 1994 
300 |a 137 s 
700 1 |a Pecinovský, Jan  |4 aut 
996 |c V*42705/O-18346  |l VV5  |s P  |a 0  |w stu27680_0001 
996 |c V*42706/O-18346a  |l VV5  |s P  |a 0  |w stu27680_0002